1223 1716 1592 1748 1503 1801 1169 1346 1128 1562 1950 1085 1375 1787 1074 1241 1353 1463 1827 1224 1374 1041 1483 1447 1780 1909 1614 1262 1750 1901 1274 1122 1098 1572 1797 1255 1822 1714 1684 1917 1170 1192 1820 1773 1505 1395 1815 1406 1102 1838 1774 1069 1389 1902 1945 1537 1644 1899 1184 1034 1344 1467 1946 1071 1851 1947 1001 1221 1799 1465 1941 1858 1730 1048 1427 1603 1512 1930 1943 1506 1910 1418 1468 1302 1762 1009 1769 1287 1624 1413 1418 1822 1085 1388 1751 1822 1345 1572 1879 BCNSPRNW ULIB Ver.6.0+V

เปลี่ยนเป็นภาษาไทย

Change to English
 แสดงรายละเอียดบรรณานุกรม
  กลับหน้าหลัก

Brief Record : Get Marc (ISO 2709) : E-mail record : QR code < ปิดหน้าต่าง
LEADER : 00000nam 2200000uu 4500
001    13399123922
003     ULIB
008    141214s2556||||th 000 0 tha d
020    ^a9786160007127
060    ^aWG113^bน612ร
100 0  ^aนิธิ มหานนท์
245 10 ^aรู้ทัน...ป้องกันโรคหัวใจ /^cนิธิ มหานนท์
246 31 ^aรู้ทันป้องกันโรคหัวใจ
250    ^aพิมพ์ครั้งที่ 1
260    ^aกรุงเทพฯ :^bสถาพรบุ๊คส์,^c2556
300    ^a134 หน้า :^bภาพประกอบ ;^c21 ซม.
650  4 ^aหัวใจ
650  7 ^aหัวใจ, โรค
945    ^p100^l0^i22641
945    ^p100^l0^i22642
945    ^p100^l0^i22643
999    ^aทศพร เกษรทอง
รายการนี้ยังไม่มีแท็ก
คุณยังไม่ได้ล็อกอิน คุณสามารถมีกิจกรรมร่วมกับเว็บไซต์ได้ แต่ต้องล็อกอินก่อน ::
  ล็อกอิน

รายการสื่อสารสนเทศ

ลำดับที่ ประเภท เลขเรียก/บาร์โค้ด สถานที่ สถานะ
1. วิทยาศาสตร์การแพทย์ และสุขภาพ
หนังสือสำรอง
สถานะ=หนังสือสำรอง
WG113 น612ร ฉ.1 
  Barcode: 22641
ห้องสมุดวิทยาเขตนครสวรรค์
►หนังสือทั่วไป:l:General Books
บนชั้น
2. วิทยาศาสตร์การแพทย์ และสุขภาพ
วิทยาศาสตร์การแพทย์ และสุขภาพ
WG113 น612ร ฉ.2 
  Barcode: 22642
ห้องสมุดวิทยาเขตนครสวรรค์
►หนังสือทั่วไป:l:General Books
บนชั้น
3. วิทยาศาสตร์การแพทย์ และสุขภาพ
วิทยาศาสตร์การแพทย์ และสุขภาพ
WG113 น612ร ฉ.3 
  Barcode: 22643
ห้องสมุดวิทยาเขตนครสวรรค์
►หนังสือทั่วไป:l:General Books
บนชั้น

รายการใกล้เคียง
    ผู้แต่ง [นิธิ มหานนท์]

    หัวเรื่อง [หัวใจ]
    หัวเรื่อง [หัวใจ, โรค]

BibComment


ยังไม่เคยถูกคอมเมนท์

คอมเมนท์ทรัพยากรรายการนี้
  คอมเมนท์: รู้ทันป้องกันโรค..


 Copyright 2026. Bcnsprnw @Library